01517nam a2200337 i 4500001000700000003000900007005001700016007000300033008004100036110001900077240002500096245007400121250010000195260002900295300002000324490003600344650005200380700002700432700003200459700005000491700004700541830004400588852006700632852010400699852006700803852006700870852006700937942002001004999001901024952013601043102532ES-MaACL20250827062616.0t|051117s1964 sp ||||1| spa d1 aEspaña9362210aLeyes, etc., civiles10aLeyes civiles de España / cpor León Medina y Manuel Marañón. a12ª ed. rev., corr. y puesta al día, por José Castán Tobeñas... Joaquín Garrigues... aMadrid : bReus, c1964. a2 v. ; c18 cm.1 aBiblioteca Medina y Marañón14aDerecho civil-zEspaña-vLegislación9116631 aMedina, León.9797031 aMarañón, Manuel.9763161 aCastán Tobeñas, José,d1889-19699363921 aGarrigues, Joaquín (d1899-1983)91625861 aBiblioteca Medina y Marañón9184645 aES-MaACLjA-5461-62xExpurgado en 2022: ejemplar deteriorado ; aES-MaACL9106363jG-16137dOlim: A-5478dOlim: L 347(460) "1889" (094.4) ESP bR.71130cDEPO2pv.1 aES-MaACLjA-5466-67xExpurgado en 2022: ejemplar deteriorado ; aES-MaACLjA-5468-69xExpurgado en 2022: ejemplar deteriorado ; aES-MaACLjA-5470-71xExpurgado en 2022: ejemplar deteriorado ; 2udccMONOGRAFIA c102532d102532 00102udc4070aATENEOMbATENEOMcDEPO2d2008-01-17eCOMPRAht.1l0oG-16137p1107030r2023-06-15 00:00:00w2023-02-23yMONOGRAFIA